Anàlisi d'inversions municipals : alternatives de gestió, balanç econòmic, seguiment de la seva incidència alternatives de gestió, balanç econòmic, seguiment de la seva incidència
ISBN:
84-87365-17-5
Descripción Física:
178 p. ; 29 cm
MARC
| LEADER | 00000nam a2200000Ia 4500 | ||
|---|---|---|---|
| 001 | 12326 | ||
| 008 | 160829s1999 xx 000 0 cat d | ||
| 020 | |a 84-87365-17-5 | ||
| 080 | |a M-1-109 | ||
| 245 | |a Anàlisi d'inversions municipals : |b alternatives de gestió, balanç econòmic, seguiment de la seva incidència | ||
| 260 | |a Barcelona : |b Fundació Privada Institut Ildefons Cerdà, |c 1999 | ||
| 300 | |a 178 p. ; |c 29 cm | ||
| 590 | |a A verso de port.: 'Aquest document és el resultat principal del Projecte AIM (Anàlisi d'Inversions Municipals), projecte desenvolupat per la Fundació Privada Institut Ildefons Cerdà | ||
| 650 | |a Projecte AIM |9 22577 | ||
| 650 | 0 | |a Municipis |x Govern i administració |9 22275 | |
| 650 | |a Inversions públiques I |9 22578 | ||
| 650 | 0 | |a Finances municipals |9 22579 | |
| 710 | 1 | |a Institut Cerdà (Barcelona) |9 4426 | |
| 901 | |a Arxiu | ||
| 942 | |n 1 | ||
| 952 | |0 0 |1 0 |4 0 |6 M1109 |7 1 |9 42244 |a Arxiu |b Arxiu |d 2016-12-01 |l 0 |o M-1-109 |p 12326 |r 2016-12-01 00:00:00 |w 2016-12-01 |y ARXIU | ||
| 999 | |c 44722 |d 44722 | ||